Los virus patógenos de las plantas y su control /

Guardado en:
Autor Principal: Fernández Valiela, Manuel V.
Autor Corporativo: Academia Nacional de Agronomía y Veterinaria (Buenos Aires, Argentina)
Formato: Libro
Idioma:Spanish
Publicado: Buenos Aires : Academia Nacional de Agronomía y Veterinaria, 1995.
Edición:4a ed.
Etiquetas: Agregar Etiqueta
Sin Etiquetas, Sea el primero en etiquetar este registro!
LEADER 00727nam a22001815a 4500
001 EEA.libagro006374
005 20180626094734.0
008 130809s1995####ag#a##########000#0#spa#d
020 |a 9879994914 
082 0 4 |a 632.8 
100 1 |a Fernández Valiela, Manuel V. 
245 1 4 |a Los virus patógenos de las plantas y su control /  |c Manuel V. Fernández Valiela. 
250 |a 4a ed. 
260 |a Buenos Aires :  |b Academia Nacional de Agronomía y Veterinaria,  |c 1995. 
300 |a 2 v. :  |b il. ;  |c 27 cm. 
710 2 |a Academia Nacional de Agronomía y Veterinaria (Buenos Aires, Argentina) 
859 |a AR-BbBCA  |b BIB. AGRONOMIA  |h 632.8  |i F363a4  |p 1999/3735  |v t.1  |3 Tomo I 
859 |a AR-BbBCA  |b BIB. AGRONOMIA  |h 632.8  |i F363a4  |p 1999/3736  |v t.2  |3 Tomo II